Statistics for Countries That Claim Independence

Click here to take the quiz!

General Stats

  • This quiz has been taken 73 times
    (50 since last reset)
  • The average score is 13 of 21

Answer Stats

Country that Actually ExistsCountry that wants Inpendence% Correct
IsraelPalestine
98%
ChinaMacau/Hong Kong/Tibet/Taiwan
93%
UKScotland
88%
SerbiaKosovo
85%
MoroccoWestern Sahara
85%
DenmarkGreenland/Faroe Islands
83%
CanadaQuebec
80%
SomaliaSomaliland
80%
Iran, Iraq, Syria & TurkeyKurdistan
76%
SpainCatalonia
73%
CyprusNorth Cyprus
71%
GeorgiaAbkhazia/South Ossetia
66%
United StatesTexas
66%
AzerbaijanNagorno-Karabakh
37%
New ZealandNiue/Cook Islands
37%
France (outside territory)Polynesia/New Caledonia
37%
Papua New GuineaBougainville
34%
IndonesiaWest Papua
27%
AngolaCabinda
22%
PakistanBalochistan
20%
NamibiaCapivri
0%

Score Distribution

Percentile by Number Answered

Percent of People with Each Score

Your Score History

You have not taken this quiz since the last reset